| 000 | 00457 a2200145 4500 | ||
|---|---|---|---|
| 005 | 20250607071310.0 | ||
| 020 | _a0-07-310917-7 | ||
| 082 | _a658.05 ANN | ||
| 111 | _aANNUAL EDITIONS | ||
| 245 | _aLabor- Management Relations. | ||
| 260 |
_aTrademark, _bMcgraw- Hill Irwin, _c2006. |
||
| 300 |
_axx, 220p.: Ill.; graphs , picture & table _bIndex _c27cm |
||
| 856 |
_yAccess Online Book _fLabor- Management Relations _dwww.dushkin.com/online |
||
| 942 |
_2ddc _cBKS |
||
| 999 |
_c1757 _d1757 |
||